Modelos de demanda de transporte

সংরক্ষণ করুন:
গ্রন্থ-পঞ্জীর বিবরন
প্রধান লেখক: Ortúzar Salas, Juan de Dios (autor)
বিন্যাস: গ্রন্থ
ভাষা:স্প্যানিশ
প্রকাশিত: Santiago Ediciones Universidad Católica de Chile 1998
সংস্করন:2a. ed
মালা:Colección Textos Universitarios
বিষয়গুলি:
ট্যাগগুলো: ট্যাগ যুক্ত করুন
কোনো ট্যাগ নেই, প্রথমজন হিসাবে ট্যাগ করুন!

MARC

LEADER 00000nam a2200000 a 4500
001 UCP3920
003 CL-VaPUC
008 990709e19980000CL |||||||||||||||||spa|d
082 0 4 |a 629.04  |b ORT  |2 21 
100 |a Ortúzar Salas, Juan de Dios  |e autor  |9 333644 
245 1 0 |a Modelos de demanda de transporte 
250 |a 2a. ed 
300 |a 247 p 
942 |c BK 
945 |d 19990709 00:00:00  |a rbrito 
260 |a Santiago  |b Ediciones Universidad Católica de Chile  |c 1998 
650 0 |a Ingeniería de transporte  |9 260427 
650 0 |a Modelos matemáticos   |9 259437 
650 0 |a Transporte urbano  |9 260307 
583 |a last modification  |c 19990709 00:00:00  |k Rodrigo Vera 
490 0 |a Colección Textos Universitarios 
999 |c 282035  |d 282033 
952 |0 0  |1 0  |4 0  |6 629_040000000000000_ORT_1998  |7 0  |8 A  |9 323313  |a BIBING  |b BIBING  |d 2019-11-20  |i 3537749  |o 629.04 ORT 1998  |p 3537749  |r 2025-01-20  |w 2019-11-20  |y BK  |k ING 
952 |0 0  |1 0  |4 0  |6 629_040000000000000_ORT_1998  |7 0  |8 A  |9 323314  |a BIBING  |b BIBING  |d 2019-11-20  |i 3537757  |o 629.04 ORT 1998  |p 3537757  |r 2025-01-20  |w 2019-11-20  |y BK  |k ING 
952 |0 0  |1 0  |4 0  |6 629_040000000000000_ORT_1998  |7 0  |8 A  |9 323315  |a BIBING  |b BIBING  |d 2019-11-20  |i 3539830  |o 629.04 ORT 1998  |p 3539830  |r 2025-01-20  |w 2019-11-20  |y BK  |k ING 
952 |0 0  |1 0  |4 0  |6 629_040000000000000_ORT_1998  |7 0  |8 A  |9 323316  |a BIBING  |b BIBING  |d 2019-11-20  |i 3539849  |o 629.04 ORT 1998  |p 3539849  |r 2025-01-20  |w 2019-11-20  |y BK  |k ING 
952 |0 0  |1 0  |4 0  |6 629_040000000000000_ORT_1998  |7 0  |8 A  |9 323317  |a BIBING  |b BIBING  |d 2019-11-20  |i 3539857  |o 629.04 ORT 1998  |p 3539857  |r 2025-01-20  |w 2019-11-20  |y BK  |k ING 
952 |0 0  |1 0  |4 0  |6 629_040000000000000_ORT_1998  |7 0  |8 A  |9 323318  |a BIBING  |b BIBING  |d 2019-11-20  |i 3770710  |o 629.04 ORT 1998  |p 3770710  |r 2025-01-20  |w 2019-11-20  |y BK  |k TRA 
952 |0 0  |1 0  |4 0  |6 629_040000000000000_ORT_1998  |7 0  |8 A  |9 323319  |a BIBING  |b BIBING  |d 2019-11-20  |i 3770729  |o 629.04 ORT 1998  |p 3770729  |r 2025-01-20  |w 2019-11-20  |y BK  |k TRA 
952 |0 0  |1 0  |4 0  |6 629_040000000000000_ORT_1998  |7 0  |8 A  |9 323320  |a BIBING  |b BIBING  |d 2019-11-20  |i 3770737  |o 629.04 ORT 1998  |p 3770737  |r 2025-01-20  |w 2019-11-20  |y BK  |k TRA 
952 |0 0  |1 0  |4 0  |6 629_040000000000000_ORT_1998  |7 0  |8 A  |9 323321  |a BIBING  |b BIBING  |d 2019-11-20  |i 3770745  |o 629.04 ORT 1998  |p 3770745  |r 2025-01-20  |w 2019-11-20  |y BK  |k TRA 
952 |0 0  |1 0  |4 0  |6 629_040000000000000_ORT_1998  |7 0  |8 A  |9 323322  |a BIBING  |b BIBING  |d 2019-11-20  |i 3770753  |o 629.04 ORT 1998  |p 3770753  |r 2025-01-20  |w 2019-11-20  |y BK  |k TRA 
952 |0 0  |1 0  |4 0  |6 629_040000000000000_ORT_1998  |7 0  |8 A  |9 323323  |a BIBING  |b BIBING  |d 2019-11-20  |i 3770761  |o 629.04 ORT 1998  |p 3770761  |r 2025-01-20  |w 2019-11-20  |y BK  |k TRA 
952 |0 0  |1 0  |4 0  |6 629_040000000000000_ORT_1998  |7 0  |8 A  |9 323324  |a BIBING  |b BIBING  |d 2019-11-20  |i 377077K  |o 629.04 ORT 1998  |p 377077K  |r 2025-01-20  |w 2019-11-20  |y BK  |k TRA